Instalaciones eléctricas

Збережено в:
Бібліографічні деталі
Автор: Spitta, Albert Friedrich
Інші автори: Seip, Gunter G Redacción
Формат: Книга
Мова:Spanish
Опубліковано: Madrid : Dossat, 1981
Предмети:
Теги: Додати тег
Немає тегів, Будьте першим, хто поставить тег для цього запису!

MARC

LEADER 00000nam a2200000Ia 4500
003 000548
005 20221231143845.0
008 140116s1981 sp a 000 ||spa d
040 |c cru CEDI 
082 |a 621.319.3 S761-i 
100 |a Spitta, Albert Friedrich  |9 19395 
245 |a Instalaciones eléctricas 
260 |c 1981  |a Madrid : Dossat,  
300 |c volumen : ilustraciones (algunas a color) ; 22 cm 
500 |a El CEDI solo tiene el V. II Titulo original: Electrische installationstechnik. 
650 |x INSTALACIONES ELECTRICAS - EQUIPO ELECTRICO  |9 19397 
700 |9 19396  |a Seip, Gunter G  |d Redacción 
942 |2 ddc  |c BK 
999 |c 13306  |d 13306